مكتبة جامعة عجلون الوطنية

فهرس بحث المكتبة

Normal view MARC view
  • العصر العباسي-تاريخ الادب

Entry Topical Term

Number of records used in: 1

001 - CONTROL NUMBER

  • control field: 61959

003 - CONTROL NUMBER IDENTIFIER

  • control field: JO-AjAnu

005 - DATE AND TIME OF LATEST TRANSACTION

  • control field: 20230606084124.0

008 - FIXED-LENGTH DATA ELEMENTS

  • fixed length control field: 230606|| aca||aabn | a|a d

040 ## - CATALOGING SOURCE

  • Original cataloging agency: JO-AjAnu
  • Transcribing agency: JO-AjAnu

150 ## - HEADING--TOPICAL TERM

  • Topical term or geographic name entry element: العصر العباسي-تاريخ الادب

670 ## - SOURCE DATA FOUND

  • Source citation: Work cat.: (JO-AjAnu)31600: ضيف، شوقي, author 61958, العصر العباسي الأول: تاريخ الادب العربي